000 00450nam a2200181Ia 4500
005 20240823020925.0
008 240823s9999||||xx |||||||||||||| ||und||
041 _aENGLISH
082 _A629.135 P5
100 _aPallett E H J
245 0 _aAircraft Instruments
250 _a2nd
260 _c2005
_bThe English Book
_aNew Delhi
500 _aYES
650 _aAircraft Instruments
_bAeronautical Engineering
942 _cBK
999 _c175877
_d175877